书目信息 |
| 题名: |
漫长的20世纪
|
|
| 作者: | 阿锐基 , Arrighi 著 ;姚乃强 译 | |
| 分册: | ||
| 出版信息: | 南京 江苏人民出版社 2001 |
|
| 页数: | 10,473页 | |
| 开本: | 20cm | |
| 丛书名: | 汉译大众精品文库 | |
| 单 册: | ||
| 中图分类: | F03 | |
| 科图分类: | ||
| 主题词: | 资本主义社会--研究 , 资本主义经济--研究 , 资本主义社会 , 资本主义经济 , 资本主义社会--生产方式 | |
| 电子资源: | ||
| ISBN: | 7-214-02867-0 | |
| 000 | 01348nam0 2200361 45 | |
| 001 | 010099000001 | |
| 005 | 20031219104110.1 | |
| 010 | @a7-214-02867-0@dCNY25.00 | |
| 100 | @a20010307d2001 kemy0chiy0110 ea | |
| 101 | 1 | @achi@cita |
| 102 | @aCN@b320000 | |
| 105 | @ay z 000yy | |
| 106 | @ar | |
| 200 | 1 | @a漫长的20世纪@9man chang de 20 shi ji@e金钱、权力与我们社会的根源@f(意)杰奥瓦尼·阿锐基(Giovanni Arrighi)著@g姚乃强等译 |
| 210 | @a南京@c江苏人民出版社@d2001 | |
| 215 | @a10,473页@d20cm | |
| 225 | 2 | @a汉译大众精品文库@i历史类 |
| 305 | @a牛津大学出版社(中国)有限公司授权出版 | |
| 330 | @a本书对资本主义数百年的扩张历史作了深入且具有说服力的描述,包括:历史资本主义的三大霸权,资本的崛起,工业、帝国、“无限的”资本积累,漫长的20世纪,资本主义成功后,能继续下去吗?等内容。 | |
| 462 | 0 | @12001 @a汉译大众精品文库@i历史类 |
| 510 | 1 | @aThe Long Twentieth Century@zeng |
| 517 | 1 | @a金钱、权力与我们社会的根源@9jin qian 、 quan li yu wo men she hui de gen yuan |
| 606 | 0 | @a资本主义社会@x研究 |
| 606 | 0 | @a资本主义经济@x研究 |
| 606 | 0 | @a资本主义社会 |
| 606 | 0 | @a资本主义经济 |
| 606 | 0 | @a资本主义社会@x生产方式 |
| 690 | @aF03@v4 | |
| 701 | 1 | @a阿锐基@9a rui ji@bG.@4著 |
| 701 | 1 | @aArrighi@bGiovanni@4著 |
| 702 | 0 | @a姚乃强@9yao nai qiang@4译 |
| 801 | @aCN@bTSTC@c20030515 | |
| 905 | @b323416@dF03@e33@f1 | |
| 漫长的20世纪:金钱、权力与我们社会的根源/(意)杰奥瓦尼·阿锐基(Giovanni Arrighi)著/姚乃强等译.-南京:江苏人民出版社,2001 |
| 10,473页;20cm.-(汉译大众精品文库.历史类) |
| ISBN 7-214-02867-0:CNY25.00 |
| 本书对资本主义数百年的扩张历史作了深入且具有说服力的描述,包括:历史资本主义的三大霸权,资本的崛起,工业、帝国、“无限的”资本积累,漫长的20世纪,资本主义成功后,能继续下去吗?等内容。 |
| ● |
| 相关链接 |
|
|
|
|
正题名:漫长的20世纪
索取号:F03/33
 
预约/预借
| 序号 | 登录号 | 条形码 | 馆藏地/架位号 | 状态 | 备注 |
| 1 | 0323416 | 203234160 | 第一样本阅览室/ [索取号:F03/33] | 在馆 |